000 00541nam a2200169 i 4500
001 60463
003 ES-MaACL
005 20230906164234.0
007 t|
008 031104s1903 sp ||||1| spa d
100 1 _aEsteban Cebrián, Rodrigo.
_948046
245 1 0 _aArtritismo
_b: tesis del doctorado /
_cpresentada por Rodrigo Esteban Cebrián.
260 _aValladolid :
_b[s.n.],
_c1903 (
_fImp. Nacional y Extranjera de Andrés Martín)
300 _a80 p. ;
_c23 cm.
502 _aTesis del Doctorado.
852 _aES-MaACL
_jT-1047-F-10
999 _c60463
_d60463